[Event "Rhein Main op 13th"]
[Site "Bad Homburg"]
[Date "2010.06.05"]
[Round "6"]
[White "Reefschlaeger, Helmut"]
[Black "Boesch, Dirk"]
[Result "1-0"]
[WhiteElo "2302"]
[BlackElo "2109"]
[PlyCount "75"]
[EventDate "2010.06.02"]
[EventType "swiss"]
[EventRounds "7"]
[EventCountry "GER"]
[SourceTitle "EXT 2011"]
[Source "ChessBase"]
[SourceDate "2010.11.26"]
[SourceVersion "1"]
[SourceVersionDate "2010.11.26"]
[SourceQuality "1"]

1. d4 Nf6 2. c4 e6 3. g3 d5 4. Bg2 Be7 5. Nf3 0-0 6. 0-0 c6 7. Qc2 dxc4 8. Qxc4 Nbd7 9. Rd1 Qa5 10. Nc3 Qb4 11. Qd3 c5 12. Qc2 Nd5 13. Nxd5 exd5 14. dxc5 Nxc5 15. Rxd5 Be6 16. Rd4 Qb6 17. Bg5 Rfc8 18. Qd2 Bf8 19. Be3 Qa6 20. Qd1 Bxa2 21. Nd2 Qe6 22. b4 Nb3 23. Bd5 Nxd4 24. Bxe6 Nxe2+ 25. Qxe2 Bxe6 26. b5 Rc2 27. Qd3 Rac8 28. Ne4 h6 29. Kg2 Bg4 30. Rxa7 Be2 31. Qd5 Bc4 32. Qxb7 Rd8 33. Qc7 Rd1 34. Qe5 Rd5 35. Qe8 Rxb5 36. Ra8 Bd5 37. Qxf8+ Kh7 38. Re8 1-0

[Event "Frankfurt-ch"]
[Site "Frankfurt"]
[Date "2010.05.10"]
[Round "3"]
[White "Boesch, Dirk"]
[Black "Isserman, Ryhor"]
[Result "0-1"]
[WhiteElo "2059"]
[BlackElo "2296"]
[PlyCount "92"]
[EventDate "2010.04.26"]
[EventType "swiss"]
[EventRounds "7"]
[EventCountry "GER"]
[SourceTitle "EXT 2011"]
[Source "ChessBase"]
[SourceDate "2010.11.26"]
[SourceVersion "1"]
[SourceVersionDate "2010.11.26"]
[SourceQuality "1"]

1. d4 Nf6 2. Nf3 g6 3. b3 c5 4. c4 Bg7 5. Bb2 cxd4 6. Nxd4 0-0 7. e3 d5 8. Nc3 Nc6 9. Nxd5 Nxd5 10. Nxc6 bxc6 11. Bxg7 Nxe3 12. fxe3 Kxg7 13. Qd4+ Kg8 14. Be2 Qa5+ 15. Qd2 Qe5 16. 0-0 c5 17. Bf3 Rb8 18. Kh1 Qc7 19. Qf2 a5 20. Rad1 a4 21. bxa4 Rb4 22. h4 Be6 23. Bd5 Bxd5 24. cxd5 Rxa4 25. h5 Qe5 26. hxg6 hxg6 27. e4 Rxe4 28. Rfe1 f5 29. Kg1 Rb8 30. Rxe4 Qxe4 31. Re1 Qxd5 32. Qg3 Qd6 33. Qxd6 exd6 34. Re6 Rd8 35. Rxg6+ Kf7 36. Rh6 Ke7 37. Rh7+ Ke6 38. Ra7 Ke5 39. Kf2 c4 40. Ke3 Rg8 41. Ra5+ d5 42. Ra7 Rxg2 43. Ra8 f4+ 44. Kf3 Rg3+ 45. Ke2 d4 46. Ra5+ Ke4 0-1

[Event "Hessenliga 0910"]
[Site "Germany"]
[Date "2009.11.29"]
[Round "4.2"]
[White "Boesch, Dirk"]
[Black "Schoenau, Werner"]
[Result "1/2-1/2"]
[WhiteElo "2059"]
[BlackElo "2216"]
[PlyCount "41"]
[EventDate "2009.09.20"]
[EventType "team-tourn"]
[EventRounds "9"]
[EventCountry "GER"]
[SourceTitle "EXT 2011"]
[Source "ChessBase"]
[SourceDate "2010.11.26"]
[SourceVersion "1"]
[SourceVersionDate "2010.11.26"]
[SourceQuality "1"]
[WhiteTeam "Frankfurt BvK II"]
[BlackTeam "Dettingen"]
[WhiteTeamCountry "GER"]
[BlackTeamCountry "GER"]

1. e4 c5 2. Nf3 Nc6 3. d4 cxd4 4. Nxd4 Nf6 5. Nc3 e5 6. Nxc6 bxc6 7. Bd3 Bb4 8. 0-0 d6 9. Kh1 Ng4 10. Qf3 Qh4 11. h3 Bxc3 12. bxc3 0-0 13. Kg1 Nf6 14. Qe3 Nh5 15. Qg5 Qxg5 16. Bxg5 d5 17. Be2 Nf4 18. Bxf4 exf4 19. exd5 cxd5 20. Bf3 Be6 21. Rfd1 1/2-1/2

[Event "Hessenliga 0910"]
[Site "Germany"]
[Date "2009.10.04"]
[Round "2.3"]
[White "Haenisch, Uwe"]
[Black "Boesch, Dirk"]
[Result "1/2-1/2"]
[WhiteElo "2178"]
[BlackElo "2059"]
[PlyCount "114"]
[EventDate "2009.09.20"]
[EventType "team-tourn"]
[EventRounds "9"]
[EventCountry "GER"]
[SourceTitle "EXT 2011"]
[Source "ChessBase"]
[SourceDate "2010.11.26"]
[SourceVersion "1"]
[SourceVersionDate "2010.11.26"]
[SourceQuality "1"]
[WhiteTeam "Kassel"]
[BlackTeam "Frankfurt BvK II"]
[WhiteTeamCountry "GER"]
[BlackTeamCountry "GER"]

1. e4 c6 2. d4 d5 3. f3 Qb6 4. c3 e5 5. exd5 cxd5 6. Qe2 Nc6 7. Be3 Qc7 8. dxe5 Qxe5 9. Bd4 Qxe2+ 10. Nxe2 Nxd4 11. Nxd4 a6 12. Nd2 Bd7 13. Bd3 0-0-0 14. Bf5 Bxf5 15. Nxf5 Ne7 16. Nd4 Ng6 17. b4 Bd6 18. 0-0-0 Nf4 19. Kc2 Rhe8 20. g3 Ne2 21. N2b3 Nxd4+ 22. Nxd4 Be5 23. Nb3 b6 24. Rhe1 Bf6 25. Rxe8 Rxe8 26. Rxd5 Re3 27. Rd3 Re2+ 28. Nd2 Rxh2 29. Kb3 Be5 30. f4 Bc7 31. a4 h5 32. Nf3 Rf2 33. Kc4 g6 34. Kd5 Kd7 35. c4 Ra2 36. c5 bxc5 37. Kxc5+ Kc8 38. a5 Rc2+ 39. Kd4 Kd7 40. Kd5 Bd6 41. Ne5+ Bxe5 42. fxe5 g5 43. Ke4+ Ke7 44. Kf5 Rc4 45. Rd6 Rxb4 46. Rxa6 Rb3 47. Ra7+ Kf8 48. Kf6 Rf3+ 49. Kxg5 Rxg3+ 50. Kxh5 Re3 51. Kg5 Rxe5+ 52. Kf6 Re6+ 53. Kf5 Ke8 54. a6 Kd8 55. Ra8+ Kc7 56. a7 Ra6 57. Rf8 Rxa7 1/2-1/2

[Event "Hessenliga 0809"]
[Site "Germany"]
[Date "2008.11.09"]
[Round "4.3"]
[White "Boesch, Dirk"]
[Black "Meiser, Markus"]
[Result "1/2-1/2"]
[WhiteElo "2030"]
[BlackElo "2187"]
[PlyCount "56"]
[EventDate "2008.09.14"]
[EventType "team-tourn"]
[EventRounds "9"]
[EventCountry "GER"]
[SourceTitle "EXT 2011"]
[Source "ChessBase"]
[SourceDate "2010.11.26"]
[SourceVersion "1"]
[SourceVersionDate "2010.11.26"]
[SourceQuality "1"]
[WhiteTeam "Frankfurt BvK II"]
[BlackTeam "Lorsch"]
[WhiteTeamCountry "GER"]
[BlackTeamCountry "GER"]

1. e4 c5 2. Nc3 Nc6 3. g4 e6 4. Bg2 Nge7 5. d3 d5 6. f4 dxe4 7. dxe4 Qxd1+ 8. Nxd1 Nd4 9. Ne3 Ng6 10. Nh3 Nh4 11. Bf1 Bd7 12. c3 Nb5 13. Ng2 Be7 14. Be3 e5 15. f5 0-0-0 16. 0-0-0 Nxg2 17. Bxg2 Bc6 18. Bg5 f6 19. Be3 b6 20. Nf2 c4 21. h4 Nd6 22. h5 h6 23. Kc2 Nb7 24. Rxd8+ Rxd8 25. Rd1 Bc5 26. Re1 Bxe3 27. Rxe3 Nc5 28. b3 cxb3+ 1/2-1/2